[Event "Cairo Al Ain op"]
[Site "Cairo"]
[Date "2023.11.28"]
[Round "3"]
[White "Yessenali, Arafatkhan"]
[Black "Mohamed Abdel Salam, Salma"]
[Result "1-0"]
[WhiteElo "1964"]
[BlackElo "1313"]
[PlyCount "75"]
[EventDate "2023.11.27"]
[EventType "swiss"]
[EventRounds "10"]
[EventCountry "EGY"]
[SourceTitle "CB49_2023"]
[SourceDate "2023.12.06"]
[SourceVersion "1"]
[SourceVersionDate "2023.12.06"]
[SourceQuality "1"]

1. e4 e5 2. Nf3 Nc6 3. Bb5 Nge7 4. c3 g6 5. d4 exd4 6. cxd4 d5 7. 0-0 Bg7 8. exd5 Nxd5 9. Re1+ Be6 10. Ng5 Qd6 11. Ne4 Qb4 12. Bxc6+ bxc6 13. Nc5 0-0 14. Nb3 Rfe8 15. Bd2 Qd6 16. Nc3 Bf5 17. Qf3 Nxc3 18. bxc3 Be6 19. Bf4 Bd5 20. Bxd6 Bxf3 21. Bxc7 Bd5 22. f3 Rac8 23. Rxe8+ Rxe8 24. Kf2 Bf6 25. Re1 Rxe1 26. Kxe1 Kf8 27. Kd2 Ke8 28. Kd3 Kd7 29. Bb8 a6 30. c4 Be6 31. Nc5+ Kc8 32. Nxe6 fxe6 33. Be5 Bxe5 34. dxe5 c5 35. Ke4 Kc7 36. Kf4 h6 37. g4 Kb6 38. Ke4 1-0